|
|
|
|
| LEADER |
00000nam0a2200000 4500 |
| 001 |
198202 |
| 005 |
20231031183858.0 |
| 010 |
|
|
|a 5746403083
|
| 035 |
|
|
|a (RuTPU)RU\TPU\book\216189
|
| 090 |
|
|
|a 198202
|
| 100 |
|
|
|a 20110625d1990 k y0rusy50 ca
|
| 101 |
0 |
|
|a rus
|
| 102 |
|
|
|a RU
|
| 105 |
|
|
|a a z 001zy
|
| 200 |
1 |
|
|a Консолидация и акустические волны в насыщенных пористых средах
|f А. Г. Егоров, А. В. Костерин, Э. В. Скворцов
|
| 210 |
|
|
|a Казань
|c Изд-во Казанского ун-та
|d 1990
|
| 215 |
|
|
|a 104 с.
|c ил.
|
| 320 |
|
|
|a Библиогр.: с. 98-101.
|
| 610 |
1 |
|
|a фильтрационная консолидация
|
| 610 |
1 |
|
|a упругие волны
|
| 610 |
1 |
|
|a насыщенные среды
|
| 610 |
1 |
|
|a пористые среды
|
| 610 |
1 |
|
|a затухания
|
| 610 |
1 |
|
|a вариационные задачи
|
| 610 |
1 |
|
|a исследования
|
| 675 |
|
|
|a 534.2
|v 3
|
| 700 |
|
1 |
|a Егоров
|b А. Г.
|g Андрей Геннадьевич
|
| 701 |
|
1 |
|a Костерин
|b А. В.
|g Александр Васильевич
|
| 701 |
|
1 |
|a Скворцов
|b Э. В.
|g Эдуард Викторович
|
| 801 |
|
1 |
|a RU
|b 63413507
|c 20110625
|
| 801 |
|
2 |
|a RU
|b 63413507
|c 20110714
|g RCR
|
| 942 |
|
|
|c BK
|